banner-ar

Islam : (Record no. 60628)

MARC details
000 -الفاتح
حقل البيانات ثابتة الطول 00799nam a22002417a 4500
005 - وقت وتاريخ اخر تعامل مع التسجيلة
رقم الضبط 20240530110420.0
008 - عناصر البيانات ثابتة الطول - معلومات عامة
حقل البيانات ثابتة الطول 150309s2004 ua abcof b 001 0 eng d
020 ## - الرقم الدولى المعيارى للكتب
الرقم الدولى المعيارى للكتاب 9789774161315
020 ## - الرقم الدولى المعيارى للكتب
الرقم الدولى المعيارى للكتاب 9774161319
040 ## - مصدر الفهرسة
وكالة الفهرسة الأصلية EG-CaGPL
وكالة النسخ EG-CaGPL
041 1# - رمز اللغة
رمز لغة النص/ المسارات الصوتية أو العنوان الانفرادي eng
رمز لغة الترجمات و/او الاصلية المتوسطة للنص ger
082 04 - رقم تصنيف ديوى العشرى
رقم الطبعة 21
رقم التصنيف 720.917671\
رقم المادة H I
245 00 - بيان العنوان
العنوان Islam :
بقية العنوان Art and Architecture /
بيان المسئوليه,etc Edited by Markus Hattstein, and Peter Delius.
260 ## - PUBLICATION, DISTRIBUTION, ETC. (IMPRINT)
تاريخ النشر أو التوزيع 2007
300 ## - الوصف المادى
التعداد 623 p. :
تفاصيل ماديه اخرى للوعاء ill. (chiefly col.), maps ;
أبعاد الوعاء 30 cm.
504 ## - تبصرة ببليوجرافية
تبصرة ببليوجرافية,الخ Includes bibliographical references (p. 598-602) and index
650 #0 - المدخل الاضافى بالموضوع-مصطلح موضوعى
مصطلح موضوعي Mosques
التقسيم الفرعي العام History
التقسيم الفرعي الزمني 20th century.
التقسيم الفرعي الجغرافي Europe
650 #0 - المدخل الاضافى بالموضوع-مصطلح موضوعى
مصطلح موضوعي Islamic architecture
التقسيم الفرعي الجغرافي Europe
700 1# - المدخل الاضافى - اسم شخصى
الإسم الشخصى Hattstein, Markus
700 1# - المدخل الاضافى - اسم شخصى
الإسم الشخصى Delius, Peter.
942 ## - عناصر المدخل الإضافي( كوها)
مصدر التصنيف او مخطط الترفيف Dewey Decimal Classification
Koha [default] item type كتاب
260 ## - PUBLICATION, DISTRIBUTION, ETC. (IMPRINT)
-- [Berlin]:
-- American University in Cairo Press ,
Holdings
حالة التراجع حالة الفقد مصدر التصنيف او خطة الترفيف حالة تلف ليس للاعارة المكان المؤقت الموقع الحالى تاريخ الاكتساب اجمالي اﻻعارات رقم الطلب الباركود تاريخ اخر مشاهدة تاريخ تفعيل السعر نوع وعاء كوها
    ddc     مكتبة القاهرة الكبرى مكتبة القاهرة الكبرى 03/10/2015   720.917671\ H I 159727 03/10/2015 03/10/2015 كتاب

Powered By

EGPV